| 000 | 01468cam a22003251a 4500 | ||
|---|---|---|---|
| 001 | 8368591 | ||
| 003 | OSt | ||
| 005 | 20230620161544.0 | ||
| 008 | 771011m19501953enk f001 0 eng | ||
| 010 | _a 51004697 | ||
| 035 | _a(OCoLC)3334239 | ||
| 040 |
_aDLC _cAzFU _dAzFU _dMoSU-L _dDLC |
||
| 042 | _apremarc | ||
| 043 |
_ae-uk--- _af------ |
||
| 050 | 0 | 0 |
_aJQ1890 _b.H28 |
| 082 |
_a325.342096 _bHAI |
||
| 100 | 1 |
_aHailey, William Malcolm Hailey, _cBaron, _d1872-1969. |
|
| 245 | 1 | 0 |
_aNative administration in the British African territories / _cby Lord Hailey. |
| 260 |
_aLondon : _bH.M.S.O., _c1950-1953. |
||
| 300 |
_a5 v. ; _c25 cm. |
||
| 500 | _aAt head of title, pts. 1-4: Colonial Office; pt. 5: Commonwealth Relations Office. | ||
| 500 | _aAccompanied by Index to pts. 1-4 (29 p.) issued in 1954. | ||
| 505 | 0 | _apt. 1. East Africa: Uganda, Kenya, Tanganyika -- pt. 2. Central Africa: Zanzibar, Nyasaland, Northern Rhodesia -- pt. 3. West Africa: Nigeria, Gold Coast, Sierra Leone, Gambia -- pt. 4. A general survey of the system of native administration -- pt. 5. The High Commission territories: Basutoland, the Bechuanaland Protectorate and Swaziland. | |
| 650 | 0 |
_aIndigenous peoples _zAfrica. |
|
| 651 | 0 |
_aGreat Britain _xColonies _zAfrica _xAdministration. |
|
| 710 | 1 |
_aGreat Britain. _bColonial Office. |
|
| 710 | 1 |
_aGreat Britain. _bOffice of Commonwealth Relations. |
|
| 906 |
_a7 _bcbc _coclcrpl _du _encip _f19 _gy-gencatlg |
||
| 942 |
_2ddc _cBK |
||
| 999 |
_c1916 _d1916 |
||